El Fuerte San Jerónimo del Boquerón / (Record no. 6773)

MARC details
000 -LEADER
campo de control de longitud fija 00381nam a2200133Ia 4500
005 - FECHA Y HORA DE LA ÚLTIMA TRANSACCIÓN
campo de control 20260326100035.0
008 - DATOS DE LONGITUD FIJA--INFORMACIÓN GENERAL
campo de control de longitud fija 260326s9999||||xx |||||||||||||| ||und||
100 ## - ENTRADA PRINCIPAL--NOMBRE DE PERSONA
Nombre de persona Alegría, Ricardo E.
245 #0 - MENCIÓN DEL TÍTULO
Título El Fuerte San Jerónimo del Boquerón /
Mención de responsabilidad, etc. Ricardo E. Alegría
260 ## - PUBLICACIÓN, DISTRIBUCIÓN, ETC.
Nombre del editor, distribuidor, etc. Instituto de Cultura Puertorriqueña
300 ## - DESCRIPCIÓN FÍSICA
Extensión 63 p.
650 ## - PUNTO DE ACCESO ADICIONAL DE MATERIA--TÉRMINO DE MATERIA
Término de materia o nombre geográfico como elemento de entrada ARQUITECTURA REGIONAL
942 ## - ELEMENTOS DE ENTRADA SECUNDARIOS (KOHA)
Tipo de ítem Koha Libros

No items available.